000 00715nam a2200253 i 4500
001 17132
003 ES-MaACL
005 20250814090540.0
007 t|
008 001226s2000 sp |||| | spa d
020 _a84-322-0837-X
080 _a791.43:82
100 0 _aGimferrer, Pere,
_d1945-
_957102
245 1 0 _aCine y literatura /
_cPere Gimferrer.
250 _a2ยช ed.
260 _aBarcelona :
_bSeix Barral,
_c2000.
300 _a159 p. ;
_c23 cm.
490 1 _aLos tres mundos.
_aEnsayo
595 _aEd. revisada y ampliada.
650 1 7 _aCine y literatura
_2embne
_911036
830 1 _aLos tres mundos.
_aEnsayo
_9179959
852 _aES-MaACL
_jL-23943
999 _c17132
_d17132